Tiếng Việt thực hành
v...v
Đã lưu trong:
| Tác giả chính: | |
|---|---|
| Định dạng: | Sách |
| Năm xuất bản: |
TP.Hồ Chí Minh
Nxb TP.Hồ Chí Minh
2003
|
| Chủ đề: | |
| Tags: |
Thêm thẻ
Không có thẻ, Hãy là người đầu tiên gắn thẻ bản ghi này!
|
| LEADER | 00551nam a2200157 4500 | ||
|---|---|---|---|
| 082 | |a 495.922 |b H100TH | ||
| 100 | |a Hà Thúc Hoan | ||
| 245 | |a Tiếng Việt thực hành |c Hà Thúc Hoan | ||
| 260 | |a TP.Hồ Chí Minh |b Nxb TP.Hồ Chí Minh |c 2003 | ||
| 300 | |a 279tr |c 21cm. | ||
| 520 | |a v...v | ||
| 653 | |a Ngôn ngữ | ||
| 653 | |a Tiếng Việt | ||
| 942 | |2 ddc |c SH | ||
| 999 | |c 10523 |d 10523 | ||
| 952 | |0 0 |1 0 |2 ddc |4 0 |6 495_922000000000000_H100TH |7 0 |8 400 |9 82659 |a qbu |b qbu |c D2 |d 2015-08-11 |g 17000 |l 1 |o 495.922 H100TH |p 10312.c1 |r 2016-06-22 |s 2016-06-17 |w 2015-08-11 |y SH | ||